Návrh technológie obrábania vnútorných tvarov hriadeľa turbíny obrábaním : Diplomová práca

Uložené v:
Podrobná bibliografia
Hlavný autor: Dubec, Jaroslav (Autor)
Ďalší autori: Staník, Ivan (xxx)
Médium: Rukopis Kniha
Jazyk:Slovak
Vydavateľské údaje: Trnava : STU v Bratislave MtF KOM, 1997
Predmet:
Tagy: Pridať tag
Žiadne tagy, Buďte prvý, kto otaguje tento záznam!

MARC

LEADER 00000ntm a22000003a 4500
001 stu72913
005 20160719155109.6
008 011206s1997----xo------------------slo-d
040 |a STU  |b slo 
041 0 |a slo 
044 |a xo 
100 1 |a Dubec, Jaroslav  |4 aut 
245 1 |a Návrh technológie obrábania vnútorných tvarov hriadeľa turbíny obrábaním :  |b Diplomová práca 
260 |a Trnava :  |b STU v Bratislave MtF KOM,  |c 1997 
300 |a 54 s  |c príl 
650 7 |a obrábanie  |2 stusub 
650 7 |a turbíny  |2 stusub 
650 7 |a Hriadele  |2 stusub 
650 7 |a Strojárska technológia-obrábanie  |2 stusub 
700 1 |a Staník, Ivan  |4 xxx 
996 |b 284M033670  |c M*DP-1820  |l MMSKP  |s P  |a 0  |w stu72913_0001